OBJECT-ORIENTED PROGRAMMING: DESIGN CONTROL SYSTEMS FOR ROBOTS

Podrobná bibliografia
Hlavný autor: Palenčár, Ján (Autor)
Médium: Článok
Jazyk:angličtina
ISBN:8022712566

MARC

LEADER 00000naa a2200000uu 4500
001 vtls010936351
003 SK-MaSNL
005 20260302115851.0
008 210902|1999 xo |||||||||||||||||eng|
015 |a SNBRA 
035 |a (urnnbn)urn:nbn:sk:snk:ar-a0b828 
035 |a (uuid)b81e49dc-afd8-4282-b557-30421426319e 
035 |a urn:nbn:sk:snk-aau0f7 
040 |a SNKBUCL  |b slo  |c SNKBUCL  |e AACR2 
041 0 |a eng 
044 |a xo  |c SK 
100 1 |a Palenčár, Ján  |4 aut  |9 355546 
245 1 0 |a OBJECT-ORIENTED PROGRAMMING: DESIGN CONTROL SYSTEMS FOR ROBOTS  |c Ján Palenčár 
773 0 |t ELITECH '99  |d Bratislava : Slovenská technická univerzita, 1999  |g S. 171-174  |z 8022712566 
958 |a OND 
958 |a article11 
958 |a chapter 
999 |c 1266770  |d 1268700